Morse - Statistiques

Statistiques générales
  • Ce quiz a été pris 431 fois
  • Le résultat moyen est 23 sur 36
Statistiques - réponses
LETTRE morse % Correct
A ti ta
97%
E ti
92%
O ta ta ta
86%
I ti ti
84%
C ta ti ta ti
81%
S ti ti ti
81%
H ti ti ti ti
81%
M ta ta
80%
B ta ti ti ti
80%
N ta ti
79%
D ta ti ti
79%
T ta
78%
G ta ta ti
75%
R ti ta ti
75%
F ti ti ta ti
74%
K ta ti ta
72%
L ti ta ti ti
69%
U ti ti ta
68%
P ti ta ta ti
67%
J ti ta ta ta
64%
Q ta ta ti ta
59%
X ta ti ti ta
59%
W ti ta ta
59%
V ti ti ti ta
59%
Z ta ta ti ti
56%
Y ta ti ta ta
51%
5 ti ti ti ti ti
43%
1 ti ta ta ta ta
41%
2 ti ti ta ta ta
41%
4 ti ti ti ti ta
41%
3 ti ti ti ta ta
40%
0 ta ta ta ta ta
35%
6 ta ti ti ti ti
35%
8 ta ta ta ti ti
34%
7 ta ta ti ti ti
34%
9 ta ta ta ta ti
32%
Aucun quiz correspondant
Distribution des résultats
% des personnes avec chaque résultat
Percentile par nombre de réponses
Votre historique - résultats
Vous n’avez pas pris ce quiz